| 000 | 02082nam a22003017a 4500 | ||
|---|---|---|---|
| 005 | 20100722122656.0 | ||
| 008 | 100412t xxu||||| |||| 00| 0 ur d | ||
| 020 |
_c120.00 _a9788182236233 |
||
| 035 | _aB-395153-158 | ||
| 037 | _bEducational Publishing House | ||
| 040 |
_adpl _bur |
||
| 082 | _aک | ||
| 100 |
_aظنر حبيب _9616 |
||
| 245 |
_aبدلتے رت کی کہانياں _cظفر حبيب _b |
||
| 246 |
_aBadalte Rut Ki Kahanian / _bby Zafar Habib |
||
| 260 |
_a دلّی _bايجو کيشنل پبلشنگ ہاؤس _c2010 |
||
| 270 |
_a3108,VakilStreet, Kucha Pandit, Lal Kuan _b Delhi _e110006 _k23216162, 23214465 _minfo@ephbooks.com,ephdelhi@yahoo.com _l0091-11-23211540 |
||
| 300 |
_a152 ص _b22 س م (Hb) |
||
| 500 | _a | ||
| 942 |
_2ddc _cUR _hک _mظ ف ر |
||
| 999 |
_c37184 _d37184 |
||